Illusion - Dua Lipa - Statistics

General Stats
  • This quiz has been taken 33 times
  • The average score is 288 of 365
Answer Stats
Hint Answer % Correct
Pre-Chorus | Verse 1 I
100%
(I
100%
do
95%
illusion
95%
Bridge Illusion
95%
(Illusion)
95%
(Illusion
95%
illusion)
95%
know
95%
a
89%
don't
89%
Don't
89%
that
89%
you
89%
You
89%
your
89%
be
84%
been
84%
dance
84%
Post-Chorus Dance
84%
(Dance
84%
doin'?
84%
flag
84%
just
84%
like
84%
night?
84%
night
84%
night)
84%
red
84%
the
84%
think
84%
to
84%
what
84%
all
79%
an
79%
And
79%
and
79%
confusin'
79%
I'm
79%
it
79%
my
79%
on
79%
Chorus Ooh
79%
ooh
79%
ooh)
79%
(Ooh
79%
you're
79%
amusin'
74%
fall
74%
for
74%
gonna
74%
In
74%
it's
74%
lover
74%
miss
74%
put
74%
really
74%
this
74%
type
74%
way
74%
who
74%
Yeah
74%
already
68%
colored
68%
could
68%
end
68%
glasses
68%
known
68%
last
68%
me
68%
movin'
68%
off
68%
pedestal
68%
things
68%
those
68%
time
68%
wanna
68%
when
68%
with
68%
rose
63%
still
63%
take
63%
lessons
58%
Now
58%
right
58%
burn
53%
dancin'
53%
deserve
53%
grown
53%
learned
53%
let
53%
ride
53%
tellin'
53%
Verse 2 Was
53%
play
47%
shit
47%
takin'
47%
threw
47%
cards
42%
match
42%
might've
42%
worked
42%
make
32%
life
26%
Tryna
26%
yours
26%
No matching quizzes found
Score Distribution
Percent of People with Each Score
Percentile by Number Answered
Your Score History
You have not taken this quiz